[Event "ICS rated blitz match"]
[Site "204.178.125.65"]
[Date "1999.08.14"]
[Round "?"]
[White "salzi"]
[Black "Hossa"]
[Result "0-1"]
[WhiteElo "2068"]
[BlackElo "2556"]
[PlyCount "72"]
[EventDate "1999.??.??"]

1. d4 Nf6 2. c4 c5 3. d5 b5 4. cxb5 a6 5. bxa6 Bxa6 6. g3 e6 7. dxe6 fxe6 8.
Bg2 d5 9. Nf3 Bd6 10. O-O O-O 11. Re1 Qd7 12. Qc2 Nc6 13. a3 Rab8 14. Nc3 Bc4
15. e4 Bb3 16. Qd3 Bc7 17. exd5 exd5 18. Bg5 Bc4 19. Qc2 Qg4 20. h3 Qh5 21. Re6
Nd4 22. Nxd4 Qxg5 23. Nf3 Qh5 24. Rae1 Bb3 25. Qc1 d4 26. Re7 Bd6 27. g4 Nxg4
28. hxg4 Qxg4 29. R7e4 Qd7 30. Nb1 Bd5 31. Ne5 Qe6 32. R4e2 Bxg2 33. Kxg2 Bxe5
34. Rxe5 Qg4+ 35. Kf1 Rxf2+ 36. Kxf2 36... Rf8+ {salzi resigns} 0-1

[Event "ICS rated blitz match"]
[Site "204.178.125.65"]
[Date "1999.08.14"]
[Round "?"]
[White "Hossa"]
[Black "salzi"]
[Result "1-0"]
[WhiteElo "2558"]
[BlackElo "2066"]
[PlyCount "33"]
[EventDate "1999.??.??"]

1. e4 c5 2. Nf3 d6 3. d4 cxd4 4. Nxd4 Nf6 5. Nc3 a6 6. Be3 e5 7. Nb3 Be6 8. Qd2
Be7 9. O-O-O Nbd7 10. f3 O-O 11. Kb1 Rc8 12. Nc1 Nc5 13. g3 b5 14. Nd3 Qb6 15.
b4 a5 16. bxc5 dxc5 17. Nxe5 {salzi resigns} 1-0

[Event "ICS rated blitz match"]
[Site "204.178.125.65"]
[Date "1999.08.14"]
[Round "?"]
[White "Hossa"]
[Black "Panthee"]
[Result "1-0"]
[WhiteElo "2560"]
[BlackElo "2220"]
[Annotator "Fritz 5.32 (19s)"]
[PlyCount "161"]
[EventDate "1999.??.??"]

1. e4 1... c5 {Opening = 6.---} 2. Nf3 d6 3. d4 cxd4 4. Nxd4 Nf6 5. Nc3 a6 6.
Be3 e6 7. Bd3 (7. f4 b5 8. Qf3 Bb7 9. Bd3 Nbd7 10. g4 h6 11. a3 Rc8 12. O-O Be7
13. Rae1 g5 14. f5 Ne5 15. Qh3 Kd7 16. Be2 h5 17. fxe6+ fxe6 18. gxh5 g4 19.
Qg2 Rxc3 20. bxc3 Bxe4 21. Qf2 Nxh5 22. Bf4 g3 23. hxg3 Nxf4 24. Qxf4 Rh1+ 25.
Kf2 Rh2+ 26. Ke3 Bg5 27. Kxe4 Bxf4 28. gxf4 Rh3 29. Nxe6 29... Kxe6 {
0-1 Milos,G-Polgar,J/Match, Sao Paulo BRA 1996 (29)}) 7... Nc6 $146 (7... b5 8.
a3 (8. O-O Be7 9. a3 Qc7 10. Nf3 Bb7 11. Re1 O-O 12. Ne2 Nxe4 13. Rc1 d5 14.
Bxe4 dxe4 15. Nd2 Nd7 16. c3 Rad8 17. Nd4 Nc5 18. Rc2 Nd3 19. Rf1 Qe5 20. f4
exf3 21. N2xf3 Qxe3+ 22. Kh1 Nc5 23. Rd2 Ne4 24. Re2 Qh6 25. Kg1 Bd6 26. Qc2 f5
27. b4 Bd5 28. Rc1 Bf4 29. Ra1 Rc8 30. Qb2 Be3+ 31. Kh1 31... Ng3# {
0-1 Haindl,S-Kouvatsou,M/Eu Y Ch g18, Rimavska Sobota SLO (3) 1996 (31)}) 8...
Bb7 9. O-O Nbd7 10. Nf3 Be7 11. h3 O-O 12. Qe2 Qc7 13. Rad1 Rfe8 14. Bf4 e5 15.
Bh2 Bf8 16. Qd2 Rac8 17. Rfe1 g6 18. Kh1 Nc5 19. Kg1 Qb8 20. Qe3 Bg7 21. Nd2
Qa8 22. Bf1 {Oberon,O-Suba,M/Bern Open, Bern SWI (1) 1995/0-1 (56)}) 8. O-O
8... Bd7 {Schwarz hat Entwicklungsnachteil.} 9. Qe2 Be7 10. f4 O-O 11. e5 {
Weiss engt den Gegner ein} 11... dxe5 12. Nxc6 Bxc6 13. fxe5 Nd5 (13... Nd7 14.
Rae1 $11) 14. Rad1 Qc7 15. Bd4 Nxc3 16. Bxc3 Rad8 17. Qh5 {Droht Matt: Qxh7}
17... g6 {Befestigt f5} 18. Qh6 b5 19. a3 {Staerkt b4} 19... a5 {
Will b4 spielen} 20. Rde1 (20. Qe3 Bb7 21. Kh1 21... Rd5 $14) 20... b4 {
Schwarz gewinnt Raum} 21. axb4 axb4 22. Bd2 b3 23. Bc3 bxc2 24. Bxc2 Qb7 25.
Qh3 Bc5+ 26. Kh1 Rd7 27. Rf6 {Der Turm steht aktiv} 27... Rfd8 {
Schwarz erlangt Initiative} 28. Qg4 Bf8 29. Rc1 $4 $19 (29. Rff1 $11 $142 {
war der einzige Versuch}) 29... Bg7 $4 $11 {wirft den sicheren Gewinn weg} (
29... Rd2 $142 {machte sofort alles klar} 30. Bxd2 30... Rxd2 $19) 30. Rf2
30... Rd5 {Nimmt den isolierten Bauern e5 ins Visier} 31. Qh4 R8d7 32. b4 $2
$17 (32. Qg3 $11 $142 {damit waere Weiss im Spiel geblieben}) 32... Bxe5 33.
Bxe5 Rxe5 34. Qf4 Rb5 35. Rb1 Rbd5 36. Kg1 Bb5 37. Ra1 Bd3 38. Ba4 38... Bb5 $4
$11 {vergibt den Vorteil} (38... Rf5 39. Qe3 Qa7 40. Qxa7 40... Rxa7 $17) 39.
Bc2 Rd4 40. Qh6 Rxb4 41. Bd1 Bd3 42. Rfa2 Rbd4 43. Bf3 (43. h3 Bb1 44. Ra8+
44... Rd8 $19) 43... Qb6 (43... Be4 44. Ra8+ Rd8 45. Rxd8+ Rxd8 46. Bxe4 Qxe4
47. Rf1 $19) 44. Ra8+ Rd8 45. Qe3 45... Rxa8 {Es droht Matt} 46. Rxa8+ Kg7 47.
Rb8 47... Qxb8 $4 $14 {und raufte sich die Haare} (47... Qd6 $19 $142 {
nun kommt Schwarz in Vorteil}) 48. Qxd4+ Kg8 49. Qxd3 Qa7+ 50. Kf1 Qa1+ 51. Qd1
Qxd1+ 52. Bxd1 e5 53. Bf3 f5 54. Bd5+ Kg7 55. Kf2 Kf6 56. Ke3 g5 57. Kd3 h5 58.
Ke3 h4 59. Bc4 Ke7 60. Ba6 60... Kd6 $2 $18 (60... g4 $16 $142) 61. Bc8 f4+ 62.
Ke4 Kc7 63. Bg4 Kd6 64. h3 Ke7 65. Kxe5 Kf7 66. Kf5 Kg7 67. Kxg5 f3 68. gxf3 {
Der Freibauer f3 fuehrt schnell zu Drohungen} 68... Kf7 69. Kxh4 {
Der Freibauer h3 wird schnell zu einer gefaehrlichen Waffe} 69... Kg7 70. Kg5
Kh7 71. Be6 Kg7 72. h4 Kf8 73. Kh6 Ke7 74. Kg6 (74. Bc8 $142 {
und Schwarz kann direkt aufgeben} 74... Kf7 75. Bd7 75... Ke7 $18) 74... Kxe6
75. h5 Ke5 76. h6 Kf4 77. h7 Kxf3 78. h8=Q {Droht Matt} 78... Kf4 (78... Ke4 {
nuetzt auch nichts mehr} 79. Qd8 Kf3 80. Qd2 Ke4 81. Kf6 Kf3 82. Kf5 Kg3 83.
Qe2 Kh3 84. Kf4 Kh4 85. Qg4#) 79. Qe8 Kf3 80. Kf5 Kg3 (80... Kg2 {
hilft auch nicht mehr} 81. Qe2+ Kg1 82. Kg4 Kh1 83. Kh3 Kg1 84. Qg2#) 81. Qe2 (
81. Qe2 Kh3 82. Kf4 Kh4 83. Qg4#) 1-0

[Event "ICS rated blitz match"]
[Site "204.178.125.65"]
[Date "1999.08.14"]
[Round "?"]
[White "Panthee"]
[Black "Hossa"]
[Result "0-1"]
[WhiteElo "2216"]
[BlackElo "2564"]
[Annotator "Fritz 5.32 (19s)"]
[PlyCount "98"]
[EventDate "1999.??.??"]

1. e4 1... c5 {Opening = B56 - 5.Nc3(Nc6 6.---)} 2. Nf3 d6 3. d4 cxd4 4. Nxd4
Nf6 5. Nc3 e5 6. Bb5+ 6... Bd7 $146 (6... Nbd7 7. Nf5 a6 8. Bxd7+ (8. Ba4 b5 9.
Bb3 Nc5 10. Bg5 Bxf5 11. exf5 Be7 12. Bxf6 Bxf6 13. Qd5 O-O 14. Ne4 Qa5+ 15.
Ke2 Rac8 16. Rhd1 Nxb3 17. Qxb3 Rc4 18. f3 Qc7 19. c3 Qc6 20. Nxd6 e4 21. Nxe4
Be5 22. Qc2 22... Qh6 {Liss,E-Uritzky,M/It, Tel-Aviv ISR 1996/1-0 (36)}) 8...
Qxd7 9. Ne3 (9. O-O Qc6 10. Qf3 b5 11. a3 Be6 12. Rd1 h6 13. h3 Bxf5 14. Qxf5
Be7 15. Rd3 Qd7 16. Qf3 Rc8 17. g4 Qe6 18. Bd2 Nd7 19. a4 Nc5 20. Rd5 b4 21.
Ne2 h5 22. Ng3 hxg4 23. hxg4 23... g6 {
Vydeslaver,A-Uritzky,M/ch-ISR, Jerusalem 1996/ - (35)}) 9... Qc6 10. Qd3 Be6
11. O-O Rc8 12. a4 Be7 13. a5 O-O 14. Ncd5 Bxd5 15. exd5 Qd7 16. b3 Nh5 17. Qf5
Qxf5 18. Nxf5 Rfe8 19. Nxe7+ Rxe7 20. c4 f5 21. f3 {
Rotman,D-Uritzky,M/Israeli National Championships, Tel Avi 1994/0-1 (72)}) 7.
Nf5 $11 (7. Bxd7+ $5 {ist eine gute Alternative} 7... Qxd7 8. Nde2 $14) 7...
Bxb5 8. Nxb5 {Der rueckstaendige d6 wird zum Brennpunkt} 8... Qa5+ 9. Nc3 Nxe4
10. O-O $17 (10. Qd5 Qxd5 11. Nxd5 11... Na6 $15) 10... Nxc3 11. bxc3 Qxc3 12.
Nxd6+ Bxd6 13. Qxd6 13... Nc6 $1 {zementiert den Vorteil} (13... Qxa1 $2 {
ist naheliegend und schlecht} 14. Rd1 Qd4 15. Rxd4 exd4 16. Qe5+ (16. Qxd4
16... O-O $14) 16... Kd8 17. Bg5+ Kc8 18. Bf4 $18 (18. Qxd4 $6 18... f6 $11))
14. Be3 14... Rc8 $15 (14... Rd8 15. Qc7 b6 16. Bg5 $17) 15. Rad1 Rd8 16. Qc7
O-O 17. Qxb7 Rb8 (17... Qxc2 $2 {geht nicht} 18. Rc1 Na5 19. Qb4 (19. Rxc2 $6
19... Nxb7 20. Rc7 20... Nd6 $14) 19... Qxa2 20. Ra1 $18) 18. Qc7 Rbc8 (18...
Qxc2 $2 {wird widerlegt durch} 19. Rc1 (19. Bxa7 {ist wenig wert} 19... Rbc8
20. Qb7 20... Ra8 $11) 19... Qxa2 20. Rxc6 $18) 19. Qb7 Qxc2 20. Rc1 Qa4 21. h3
Rfd8 22. Rc5 Qb4 23. Qa6 Qb6 24. Qa3 Qb7 25. Rfc1 25... f6 {Kontrolliert g5}
26. Qc3 Rd6 27. a4 Qd7 28. a5 Rd1+ 29. Rxd1 {Mit der Mattdrohung Rxd7} 29...
Qxd1+ 30. Kh2 Qd7 31. a6 Qe6 32. g3 32... Ne7 $11 (32... e4 33. Qc4 Kf7 34.
Qxe6+ Kxe6 35. g4 $15) 33. Rxc8+ Nxc8 34. Qa5 (34. Qd3 34... Kf7 $14) 34... Qc6
35. Bc5 $17 (35. Qa2+ 35... Kf8 $11) 35... h6 36. h4 Kh7 37. Be3 Qc4 38. Kg2
$17 (38. Bc5 38... Kg6 $15) 38... Kg6 39. Kh2 h5 40. Kg2 40... Kf5 $15 (40...
Kf7 41. Kg1 $17) 41. Kh2 $17 (41. Qd8 Qc6+ 42. f3 42... e4 $15) 41... g6 42.
Kg2 42... Qe2 $11 (42... Ke6 $5 $17 $142) 43. Qa4 Qd3 44. Qc6 $17 (44. Kh2 $11
$142 {sieht noch spielbar aus}) 44... Qe4+ 45. Qxe4+ Kxe4 46. Kf1 Kd5 47. Kg2
Kc6 48. Kf1 (48. Kf3 48... f5 $19) 48... Kb5 49. Ke2 Kxa6 (49... Kxa6 50. Kd3
50... Kb5 $19) 0-1

[Event "ICS rated blitz match"]
[Site "204.178.125.65"]
[Date "1999.08.14"]
[Round "?"]
[White "Hossa"]
[Black "Panthee"]
[Result "1-0"]
[WhiteElo "2568"]
[BlackElo "2212"]
[Annotator "Fritz 5.32 (19s)"]
[PlyCount "57"]
[EventDate "1999.??.??"]

1. e4 1... c5 {Opening = B66 - 7.Qd2 a6 (8.000 ---)} 2. Nf3 d6 3. d4 cxd4 4.
Nxd4 Nf6 5. Nc3 Nc6 6. Bg5 e6 7. Qd2 a6 8. O-O-O h6 9. Be3 Be7 10. f4 Nxd4 11.
Bxd4 b5 12. Bxf6 (12. Qe3 Qc7 13. e5 dxe5 14. fxe5 Nd7 15. Ne4 Bb7 16. Nd6+
Qxd6 17. exd6 Bg5 18. Qxg5 hxg5 19. Bxg7 Rh4 20. Bc3 f6 21. Be1 Rh6 22. h4 Kf7
23. Rh3 gxh4 24. Rxh4 Rxh4 25. Bxh4 Rg8 26. g3 26... Bd5 {
Adams,M-Smirin,I/Prelim Gp 1996/ - (44)}) 12... gxf6 $146 (12... Bxf6 13. Qxd6
Qxd6 14. Rxd6 Bb7 15. e5 Be7 16. Rd1 (16. Rd2 g5 17. f5 (17. Bd3 gxf4 18. Be4
Rb8 19. Bxb7 Rxb7 20. Ne4 Rd7 21. Rhd1 Rxd2 22. Kxd2 Rg8 23. Rg1 Kd7 24. Ke2
Kc6 25. Kf3 Kd5 26. Rd1+ Kxe5 27. Rd7 f5 28. Nf2 Kf6 29. Nd3 Rc8 30. Ra7 Rc6
31. Nxf4 31... Bd6 {Santo Roman,M-Vaisser,A/ch-FRA, Auxerre (5) 1996/ - (52)})
17... exf5 18. Bd3 b4 19. Na4 Rd8 20. Re2 f4 21. Be4 Bc8 22. g3 fxg3 23. hxg3
Kf8 24. b3 Kg7 25. Nb2 Bg4 26. Ree1 Bc5 27. Nd3 Bd4 28. Ref1 a5 29. Rh2 Be6 30.
Kb1 30... Bc8 {Zude,A-Rabiega,R/ch-GER, Dudweiler 1996/ - (58)}) 16... g5 17.
Bd3 Bxg2 18. Rhg1 Bc6 19. f5 O-O-O 20. Rgf1 g4 21. f6 Bc5 22. Rde1 Bd4 23. Be4
Be8 24. Bg2 Rg8 25. h4 Kc7 26. Ne4 Bc6 27. Re2 {
Shirov,A-Lobron,E/It, Dortmund GER (9) 1996/0-1 (40)}) 13. Qe3 Qc7 14. Qg3 {
Haelt den Koenig im Zentrum fest} 14... Bd7 $14 (14... Qa5 15. Rd4 $11) 15. Qg7
Rf8 16. Qxh6 b4 17. Nb1 17... Qa5 $16 (17... Rc8 $5 18. Bd3 18... Qa5 $11) 18.
Bc4 Rc8 19. Nd2 Rxc4 (19... Qc5 20. Bb3 $16) 20. Nxc4 Qxa2 21. Nd2 ({
Weniger gut ist} 21. Nxd6+ 21... Bxd6 22. Qxf6 22... Bc7 $15) 21... Bb5 $16 (
21... Ba4 $5 22. Rhe1 22... Kd7 $11) 22. g3 Kd7 23. Qg7 $4 $19 {
gibt den Vorteil aus der Hand} (23. Nb1 $142 {ist noch spielbar} 23... Rc8 24.
Rd2 $11) 23... Rc8 {Droht entscheidend Ba4} 24. Nb1 (24. Qxf7 Bd3 25. Nc4 25...
Qxc4 $19) 24... a5 $4 $14 {wirft den Vorteil weg} (24... Qa4 25. Rxd6+ {
ob er will oder nicht, Weiss muss Material hergeben} 25... Kxd6 (25... Bxd6 $6
26. Qxf7+ Kc6 27. Rd1 $15) 26. Rd1+ 26... Kc7 $19) 25. Qxf7 $11 (25. Rd2 a4 26.
Qxf7 a3 27. Rxd6+ Kxd6 28. e5+ fxe5 29. fxe5+ Kc6 30. Qxe7 axb2+ 31. Kd2 Qd5+
32. Ke3 Qxe5+ 33. Kf3 Qe2+ 34. Kf4 Rg8 35. Qh4 Rf8+ 36. Kg5 Qe5+ 37. Kg6 Qf5+
38. Kh6 Rg8 39. Qe4+ Qxe4 40. h4 Qg6#) 25... a4 $4 $18 {
danach kann Schwarz alle Traeume begraben.} (25... Qb3 $1 $142 {
war relativ besser} 26. Rxd6+ 26... Kxd6 $11) 26. Rxd6+ Kxd6 27. Rd1+ Kc6 (
27... Kc7 {aendert den traurigen Lauf der Dinge nicht} 28. Qxe7+ Kb6 29. Qxb4
$18) 28. Qxe7 Rc7 (28... Kb6 {waere gleichermassen fruchtlos} 29. Qxb4 Qc4 30.
Rd6+ Kc7 31. Qxc4+ Bxc4 32. e5 $18) 29. Qxb4 (29. Qxb4 Qc4 30. Rd6+ Kb7 31.
Qxc4 Bxc4 32. Kd2 $18) ({Dagegen} 29. Qxf6 29... Kb7 30. Qd4 30... Rc4 $18) 1-0

[Event "ICS rated blitz match"]
[Site "204.178.125.65"]
[Date "1999.08.14"]
[Round "?"]
[White "okiemark"]
[Black "Hossa"]
[Result "0-1"]
[WhiteElo "2135"]
[BlackElo "2574"]
[PlyCount "42"]
[EventDate "1999.??.??"]

1. d4 Nf6 2. c4 c5 3. d5 b5 4. f3 bxc4 5. e4 Ba6 6. Na3 e6 7. Nxc4 Nxe4 8. fxe4
Qh4+ 9. Kd2 exd5 10. Nf3 Qf2+ 11. Kc3 dxc4 12. Qd5 Nc6 13. Bf4 g6 14. Rd1 Rd8
15. Bxc4 Bxc4 16. Qxc4 Bg7+ 17. e5 Qxg2 18. Rhf1 O-O 19. Rd2 Qh3 20. Kc2 Na5
21. Qe4 21... Qxf1 {okiemark resigns} 0-1

[Event "ICS rated blitz match"]
[Site "204.178.125.65"]
[Date "1999.08.14"]
[Round "?"]
[White "strangersa"]
[Black "Hossa"]
[Result "0-1"]
[WhiteElo "2316"]
[BlackElo "2574"]
[PlyCount "82"]
[EventDate "1999.??.??"]

1. e4 c5 2. Nf3 d6 3. d3 Nc6 4. Be2 e5 5. O-O Be7 6. h3 d5 7. exd5 Qxd5 8. Nc3
Qd6 9. Ne4 Qc7 10. Be3 f5 11. Nc3 Nf6 12. Bg5 O-O 13. Bxf6 Bxf6 14. Nd5 Qd6 15.
Nxf6+ Qxf6 16. Nd2 Rd8 17. Bf3 e4 18. dxe4 Qh6 19. exf5 Rxd2 20. Qe1 Bxf5 21.
Rd1 Rxc2 22. Rd5 Nd4 23. Rxf5 Nxf5 24. Be4 Re8 25. Qb1 Rxe4 26. Qxc2 Qc6 27. f3
Re5 28. Rd1 Nd4 29. Qc4+ Qe6 30. Qf1 Qxa2 31. b4 Ne2+ 32. Kh2 cxb4 33. Rd8+ Kf7
34. Qd1 Re7 35. Qd3 g6 36. Rd7 Qe6 37. Rxe7+ Qxe7 38. Qc4+ Kg7 39. f4 Qe3 40.
h4 Qg3+ 41. Kh1 41... Qxh4# {strangersa checkmated} 0-1

[Event "ICS rated blitz match"]
[Site "204.178.125.65"]
[Date "1999.08.14"]
[Round "?"]
[White "Zama"]
[Black "Hossa"]
[Result "0-1"]
[WhiteElo "2134"]
[BlackElo "2580"]
[PlyCount "138"]
[EventDate "1999.??.??"]

1. d4 Nf6 2. Bg5 Ne4 3. h4 d5 4. Nd2 Nxg5 5. hxg5 c5 6. dxc5 e6 7. c4 Bxc5 8.
cxd5 Qxd5 9. Ngf3 Be7 10. g6 fxg6 11. e4 Qd6 12. Bb5+ Bd7 13. Bxd7+ Nxd7 14.
Qb3 Qa6 15. Qc4 Qxc4 16. Nxc4 Rc8 17. Rc1 Nb6 18. b3 Nxc4 19. Rxc4 Rxc4 20.
bxc4 O-O 21. Ke2 Rd8 22. Rb1 b6 23. Ne5 Rc8 24. Kd3 Bh4 25. g3 Bf6 26. Nf3 Rf8
27. Ke2 g5 28. Rd1 g4 29. Nh2 h5 30. Rd7 Rf7 31. Rd6 e5 32. Nf1 g5 33. Ne3 Kh7
34. Rd5 Kg7 35. Nf5+ Kg6 36. Ne3 Bg7 37. a4 Bf6 38. Ke1 Kg7 39. Ke2 Rb7 40.
Nf5+ Kg6 41. Ne3 Rc7 42. Kd3 Rc8 43. Rd7 Rd8 44. Rxd8 Bxd8 45. Kc3 Be7 46. Kd3
Bc5 47. Nd1 h4 48. Ke2 h3 49. Kf1 a5 50. Kg1 Kf6 51. Kh2 Bd4 52. Kh1 Ke6 53.
Kg1 Kd6 54. Ne3 Bxe3 55. fxe3 Kc5 56. Kh2 Kxc4 57. Kh1 Kb3 58. Kh2 Kc2 59. Kh1
Kb2 60. Kh2 Kb3 61. Kh1 Ka3 62. Kh2 Kxa4 63. Kg1 b5 64. Kh2 b4 65. Kg1 b3 66.
Kh2 b2 67. Kh1 b1=Q+ 68. Kh2 Qxe4 69. Kg1 69... Qg2# {Zama checkmated} 0-1

[Event "ICS rated blitz match"]
[Site "204.178.125.65"]
[Date "1999.08.14"]
[Round "?"]
[White "Hossa"]
[Black "Zama"]
[Result "1-0"]
[WhiteElo "2582"]
[BlackElo "2132"]
[Annotator "Fritz 5.32 (19s)"]
[PlyCount "36"]
[EventDate "1999.??.??"]

1. d4 1... Nf6 {Opening = E30 - 4.Bg5(h6 5.Bh4 c5 6.d5 ---)} 2. c4 e6 3. Nc3
Bb4 4. Bg5 h6 5. Bh4 b6 (5... c5 6. d5 (6. a3 Bxc3+ 7. bxc3 Qa5 8. Qd3 cxd4 9.
Bxf6 gxf6 10. Qxd4 e5 11. Qd2 Na6 12. f3 Nc5 13. Qb2 Qa4 14. e4 Qb3 15. Qxb3
Nxb3 16. Rd1 b6 17. Ne2 Ke7 18. Ng3 d6 19. Be2 Be6 20. Kf2 20... Rac8 {
Weller,T-Weeks,M/Suncoast AUS 1999/0-1 (50)}) 6... b5 7. e4 g5 8. Bg3 Nxe4 9.
Be5 O-O 10. Qh5 d6 11. Bd3 Nxc3 12. Qxh6 Ne4+ 13. Kf1 dxe5 14. Bxe4 f5 15. Qg6+
Kh8 16. Qh6+ Kg8 17. Qg6+ Kh8 18. h4 g4 19. Qh6+ Kg8 20. Qg6+ {
- Yermolinsky,A-Shabalov,A/ch-USA, Parsippany (3) 1996 (20)}) 6. a3 $146 (6. f3
Bxc3+ 7. bxc3 d6 8. e3 Nbd7 9. Bd3 Bb7 10. Ne2 Qe7 11. Qb1 e5 12. e4 O-O 13.
O-O g5 14. Bf2 Nh5 15. Be3 Rae8 16. g4 Nf4 17. Ng3 Bc8 18. a4 a5 19. Ra2 Qe6
20. Nf5 20... Ba6 {Meessen,R-Troost,J/Interteam ch, BEL 1996/1-0 (57)}) 6...
Bxc3+ 7. bxc3 g5 8. Bg3 Ne4 9. e3 Nxg3 (9... Bb7 10. Qf3 $11) 10. fxg3 $15 (10.
hxg3 $5 10... Bb7 11. Qh5 $11) 10... d6 11. Qf3 c6 12. Bd3 Bb7 13. Ne2 Qe7 14.
O-O {Uebt Druck auf den rueckstaendigen Bauern f7 aus} 14... c5 $16 (14... e5
$5 $11 {kommt in Betracht}) 15. Be4 15... Bxe4 $2 $18 (15... f5 $142 16. Bxb7
16... g4 $16) 16. Qxe4 d5 17. cxd5 exd5 (17... f5 18. Qxe6 Qxe6 19. dxe6 19...
Rf8 $18) 18. Qxd5 Qxe3+ 1-0

[Event "ICS Rated blitz match"]
[Site "204.178.125.65"]
[Date "1999.08.14"]
[Round "?"]
[White "Hossa"]
[Black "mkarp"]
[Result "1-0"]
[WhiteElo "2584"]
[BlackElo "2203"]
[PlyCount "73"]
[EventDate "1999.??.??"]

1. d4 Nf6 2. c4 g6 3. Nc3 Bg7 4. e4 d6 5. f3 O-O 6. Be2 e5 7. Be3 Nc6 8. d5 Ne7
9. Qd2 Nh5 10. g4 Nf4 11. Bxf4 exf4 12. Qxf4 c6 13. O-O-O cxd5 14. Nxd5 Nxd5
15. cxd5 Bd7 16. Qxd6 Re8 17. Qb4 a5 18. Qb3 b5 19. Qe3 b4 20. h4 a4 21. Kb1 a3
22. Qg5 Bf6 23. Qd2 Bxb2 24. h5 Bc3 25. Qe3 Qa5 26. hxg6 fxg6 27. Qh6 b3 28.
Qxh7+ Kf8 29. Qxd7 Qb4 30. Qb5 Qxb5 31. Bxb5 Reb8 32. Rd3 bxa2+ 33. Kxa2 Bg7
34. Rb3 Ra5 35. Ba4 Rxb3 36. Bxb3 Bb2 37. f4 {mkarp resigns} 1-0

[Event "ICS rated blitz match"]
[Site "204.178.125.65"]
[Date "1999.08.14"]
[Round "?"]
[White "Hossa"]
[Black "mkarp"]
[Result "1-0"]
[WhiteElo "2590"]
[BlackElo "2197"]
[PlyCount "89"]
[EventDate "1999.??.??"]

1. e4 c5 2. Nf3 d6 3. d4 cxd4 4. Nxd4 Nf6 5. Nc3 e6 6. f4 Nc6 7. e5 dxe5 8.
Nxc6 Qxd1+ 9. Nxd1 bxc6 10. fxe5 Nd7 11. Bf4 Bb4+ 12. c3 Ba5 13. Bc4 Bc7 14.
O-O Bxe5 15. Ne3 Bxf4 16. Rxf4 e5 17. Rxf7 g6 18. Ng4 h5 19. Nf6+ Nxf6 20. Rxf6
Bf5 21. Rxc6 Rb8 22. b4 Rh7 23. Rf1 Re7 24. Be2 h4 25. Bh5 Kd7 26. Ra6 e4 27.
Rxa7+ Ke6 28. Ra6+ Ke5 29. Bxg6 Bxg6 30. Rxg6 e3 31. Rh6 Ke4 32. Rd1 e2 33.
Rxh4+ Ke3 34. Rh3+ Ke4 35. Re1 Kd5 36. Kf2 Rbe8 37. a4 Kc4 38. Rf3 Kb3 39. a5
Kc2 40. b5 Kd2 41. c4 Rg8 42. g3 Rg4 43. Rf5 Rxc4 44. Rd5+ Kc3 45. Rxe2 {
mkarp resigns} 1-0

[Event "ICS rated blitz match"]
[Site "204.178.125.65"]
[Date "1999.08.14"]
[Round "?"]
[White "mkarp"]
[Black "Hossa"]
[Result "1-0"]
[WhiteElo "2194"]
[BlackElo "2593"]
[PlyCount "131"]
[EventDate "1999.??.??"]

1. e4 c5 2. Nf3 d6 3. d4 cxd4 4. Nxd4 Nf6 5. Nc3 a6 6. Bg5 e5 7. Nf3 Be7 8. h3
Ng8 9. Be3 f5 10. Nd5 Nd7 11. exf5 Ngf6 12. Nxe7 Qxe7 13. Bc4 Ne4 14. Nd2 Nef6
15. Qe2 d5 16. Bb3 b5 17. O-O-O Bb7 18. Nf3 d4 19. Bg5 Rc8 20. Rhe1 Bxf3 21.
Qxf3 Qc5 22. Qd3 Qe7 23. f4 Nc5 24. Qd2 e4 25. Qxd4 Nxb3+ 26. axb3 O-O 27. Bxf6
Qxf6 28. Qxf6 Rxf6 29. g4 Rfc6 30. Rd2 Rh6 31. Re3 Rh4 32. Kb1 h5 33. Rxe4 Rxh3
34. g5 Rf8 35. Rd7 Rxf5 36. g6 Rh4 37. Re8+ Rf8 38. Ree7 Rfxf4 39. Rxg7+ Kf8
40. Rh7 Rf1+ 41. Ka2 Kg8 42. Rdg7+ Kf8 43. Ra7 Kg8 44. Rhg7+ Kf8 45. Rgb7 Kg8
46. g7 Rhf4 47. Ra8+ Rf8 48. gxf8=Q+ Rxf8 49. Rxf8+ Kxf8 50. Rh7 Ke8 51. Rxh5
Ke7 52. Rh6 Kf7 53. Rxa6 b4 54. c3 bxc3 55. bxc3 Ke7 56. b4 Kd8 57. b5 Kc7 58.
c4 Kd7 59. Kb3 Ke7 60. c5 Kf7 61. Rd6 Ke7 62. b6 Kf8 63. b7 Kf7 64. b8=Q Kg7
65. Qc7+ Kh8 66. Rd8# {Hossa checkmated} 1-0

[Event "ICS rated blitz match"]
[Site "204.178.125.65"]
[Date "1999.08.15"]
[Round "?"]
[White "Hossa"]
[Black "SYSTEMLORD"]
[Result "1-0"]
[WhiteElo "2564"]
[BlackElo "2356"]
[Annotator "Fritz 5.32 (19s)"]
[PlyCount "49"]
[EventDate "1999.??.??"]

1. d4 1... e6 {Opening = A40 - 1.d4 ---} 2. e4 b6 3. c4 Bb7 4. Nc3 Bb4 5. Bd3 (
5. Qc2 Qh4 6. d5 Bxc3+ 7. bxc3 Nf6 8. Bd3 Na6 9. Nf3 Qg4 10. O-O Nc5 11. h3 Qg6
12. Ne5 Qh5 13. f4 Nxd3 14. Qxd3 d6 15. Nf3 O-O-O 16. Be3 Rhe8 17. Rae1 Ba6 18.
Nd4 exd5 19. exd5 19... Qxd5 {
Ivanchuk,V-Sadler,M/Amber Blindfold, Monte Carlo MON 1998/0-1 (40)}) 5... Bxc3+
$146 (5... Nf6 6. Qc2 c5 7. d5 Qe7 8. Nge2 d6 9. O-O Bxc3 10. Nxc3 e5 11. f4
Nbd7 12. f5 h6 13. Kh1 Nh7 14. Be3 Ndf6 15. a3 Ng4 16. Bg1 h5 17. b4 Nhf6 18.
bxc5 dxc5 19. a4 a5 20. Be2 Nd7 21. Qd1 Ngf6 22. Nb5 Kf8 23. d6 Qd8 24. Nc7
Bxe4 25. Ne6+ fxe6 26. fxe6 Kg8 27. Be3 Nf8 28. e7 Qd7 29. exf8=Q+ Rxf8 30. Bg5
h4 31. Bf3 Bxf3 32. Rxf3 h3 33. Ra2 Qe6 34. Bxf6 gxf6 35. d7 Kf7 36. Rd2 Ke7
37. Rfd3 Rd8 38. Rd6 hxg2+ 39. Kg1 Qh3 40. Rxg2 Rhg8 41. Rdd2 Qe3+ 42. Kh1 Rxg2
43. Rxg2 43... Qe4 {
0-1 Hellegaard,C-Pedersen,B/Karsten Kold, Gistrup DEN 1997 (43)}) (5... f5 6.
d5 (6. Qh5+ g6 7. Qe2 Nf6 8. Bg5 fxe4 9. Bxe4 Nxe4 10. Bxd8 Nxc3 11. bxc3 Bxc3+
12. Kf1 Bxa1 13. Bxc7 Bxd4 14. Nf3 Bg7 15. h4 Nc6 16. h5 Rc8 17. Bd6 Ba6 18.
Nd2 Nd4 19. Qg4 Nf5 20. Ba3 20... d5 {
Bick,J-Welling,G/Koop Tjuchem (open), Groningen NED 1996/ - (44)}) 6... fxe4 7.
Bxe4 Qh4 (7... Nf6 8. Bf3 e5 9. Bh5+ g6 10. Be2 Bxc3+ 11. bxc3 O-O 12. Bg5 Qe7
13. Nh3 Na6 14. O-O Nc5 15. f3 d6 16. Qc2 Bc8 17. Nf2 Bf5 18. Qd2 Qf7 19. Nd3
Bxd3 20. Bxd3 Nxd3 21. Qxd3 Nd7 22. Qc2 Qf5 23. Qd2 Nc5 24. Be3 Qd3 25. Qxd3
Nxd3 26. Rab1 Rae8 27. Rfd1 Nf4 28. Kf2 e4 29. Rd4 Nd3+ 30. Ke2 Nc5 31. Rf1 Na4
32. Kd2 exf3 33. Rxf3 Rxf3 34. gxf3 Rf8 35. Rf4 Rxf4 36. Bxf4 Kf7 37. Bg5 Ke8
38. Kc2 Nc5 39. Be3 Nd7 40. Bf4 Kf7 41. Bg5 Ne5 42. f4 Nxc4 43. Kd3 b5 44. Bd8
Ke8 45. Bxc7 Ke7 46. Ke4 Nd2+ 47. Kd3 Nf3 48. h3 {
- Sagalchik Olga-Matveeva Svetlana/Worldwide (2) 1995 (48)}) 8. Qd3 Nf6 9. Bf3
exd5 10. g3 {1-0 Frohberg,M-Steinhart,K/Untergrombach GER 1999 (10)}) 6. bxc3
6... f6 $14 {Sichert g5} (6... f5 7. f3 $11) 7. Qh5+ g6 8. Qh4 Kf7 9. Nf3 Na6
10. Qf4 Ne7 (10... Kg7 11. O-O $14) 11. Ne5+ {Weiss erhaelt Koenigsangriff}
11... Kg7 12. Qh6+ Kg8 13. Ng4 13... Nc6 $2 $18 (13... f5 $5 $142 {
und Schwarz kann noch kaempfen} 14. Nf6+ 14... Kf7 $11) 14. O-O $16 (14. e5 f5
15. Bg5 $16) 14... Qf8 $18 (14... d6 $5 $16 $142) 15. Qh4 15... g5 $4 {
ein Fehler, doch es war nicht viel zu retten} (15... Qd8 $18 $142) 16. Bxg5 $1
{weise Rueckgabe des Materials} 16... fxg5 (16... h5 {
kann das Vorangegangene nicht ungeschehen machen} 17. Nxf6+ Kf7 18. Be2 $18 (
18. Nxd7 $143 18... Qd6 19. Nf6 19... e5 $18)) 17. Nh6+ 17... Qxh6 {
Schwarz muss Material zurueckgeben} 18. Qxh6 Kf7 19. e5 (19. Qh5+ $5 {
erleichterte Weiss die Gewinnfuehrung} 19... Ke7 20. Qxg5+ Kf7 21. Qh5+ 21...
Kf8 $18) 19... Rag8 20. Bxh7 Rg7 (20... Ke8 {ist noch eine Idee} 21. f4 Ne7 22.
fxg5 Be4 23. Qh5+ 23... Ng6 $18) 21. Qf6+ Ke8 22. Qxg7 {Es droht Matt} 22...
Rf8 23. Bg6+ Rf7 24. Qxf7+ Kd8 25. Qe8# 1-0